[Event "SERBIA CHESS OPEN 2021 - MASTERS"]
[Site "Belgrade, Hotel Metropol"]
[Date "2021.07.03"]
[Round "2.54"]
[White "Lundin, Jan"]
[Black "Ratkovic, Milovan"]
[Result "1-0"]
[WhiteElo "2114"]
[BlackElo "2433"]
[PlyCount "87"]
[EventDate "2021.??.??"]

1. e4 c6 2. d4 d5 3. exd5 cxd5 4. Bf4 Nc6 5. c3 Bf5 6. Nf3 a6 7. Be2 e6 8. Nbd2
Bd6 9. Bxd6 Qxd6 10. Nh4 Bg6 11. O-O Nge7 12. Re1 O-O 13. Nxg6 Nxg6 14. Nf3 b5
15. a4 b4 16. a5 Rfc8 17. Qa4 bxc3 18. bxc3 Nce7 19. Qa3 Qc6 20. Rec1 Nf5 21.
c4 Nf4 22. Bf1 dxc4 23. Rxc4 Qb7 24. Rb4 Qd5 25. g3 Ng6 26. Bg2 Qd6 27. Qb2 Ra7
28. h4 Nge7 29. Ne5 f6 30. Nc4 Qxd4 31. Qxd4 Nxd4 32. Nd6 Ne2+ 33. Kf1 Rd8 34.
Rb7 Rxb7 35. Nxb7 Rd2 36. Nc5 Nf5 37. Bh3 Nfd4 38. Nxa6 Nc3 39. Nc5 Nc2 40.
Bxe6+ Kf8 41. Rc1 Ke7 42. Bb3 Kd6 43. Nb7+ Kc7 44. a6 1-0

[Event "SERBIA CHESS OPEN 2021 - MASTERS"]
[Site "Belgrade, Hotel Metropol"]
[Date "2021.07.03"]
[Round "2.55"]
[White "Tomic, Stjepan"]
[Black "Ahmadzada, Ahmad"]
[Result "0-1"]
[WhiteElo "1928"]
[BlackElo "2431"]
[PlyCount "66"]
[EventDate "2021.??.??"]

1. e4 c5 2. Nf3 e6 3. c4 d6 4. d4 cxd4 5. Nxd4 Nf6 6. Nc3 Be7 7. Be2 O-O 8. O-O
a6 9. Be3 Qc7 10. Rc1 b6 11. f4 Bb7 12. Bf3 Nbd7 13. g4 Nc5 14. Qc2 Rfc8 15. g5
Ne8 16. b3 Qd8 17. h4 Nc7 18. f5 b5 19. Qg2 Nd3 20. f6 Bf8 21. fxg7 Bxg7 22.
Rcd1 bxc4 23. bxc4 Ne5 24. Bh5 Ne8 25. c5 Qe7 26. cxd6 Nxd6 27. Nde2 Rc4 28.
Rd4 Nf5 29. Rxf5 exf5 30. Qf2 fxe4 31. Rxc4 Nxc4 32. Bc5 e3 33. Qf5 Qe6 0-1

[Event "SERBIA CHESS OPEN 2021 - MASTERS"]
[Site "Belgrade, Hotel Metropol"]
[Date "2021.07.03"]
[Round "2.56"]
[White "Stukan, Martin"]
[Black "Papakonstantinou, Dimitrios"]
[Result "1-0"]
[WhiteElo "2431"]
[BlackElo "2251"]
[PlyCount "145"]
[EventDate "2021.??.??"]

1. d4 Nf6 2. c4 g6 3. Nc3 Bg7 4. e4 d6 5. Nf3 O-O 6. Bd3 Na6 7. O-O e5 8. d5
Nc5 9. Be2 a5 10. a3 Ne8 11. Rb1 f5 12. exf5 gxf5 13. b4 Na6 14. g3 Qe7 15. Nh4
axb4 16. axb4 Bd7 17. Re1 Qf7 18. Be3 Kh8 19. f3 c6 20. b5 cxb5 21. Nxb5 Rc8
22. Bd3 Nc5 23. Bf1 Bf6 24. Ng2 Rg8 25. Qd2 Qh5 26. Qf2 b6 27. Nxd6 Nxd6 28.
Rxb6 Ncb7 29. c5 f4 30. Bd2 Qf7 31. c6 Qxd5 32. cxb7 Rb8 33. Bb4 Ne8 34. Qd2
Bc6 35. Qxd5 Bxd5 36. Bc3 Rxb7 37. Rxf6 Nxf6 38. Nxf4 Bxf3 39. Bxe5 Kg7 40. Re3
Bg4 41. h3 Bd1 42. Rd3 Rb1 43. Rd6 Rf8 44. g4 Kf7 45. Rxf6+ Ke8 46. Re6+ Kd7
47. Rd6+ Ke8 48. Kg2 Bc2 49. Bc4 Rb4 50. Rd4 Rb1 51. Kg3 Bg6 52. Bg7 Rg1+ 53.
Kf2 Rxf4+ 54. Rxf4 Rc1 55. Kg3 Ke7 56. Bd4 Rxc4 57. Bf6+ Ke6 58. Rxc4 Kxf6 59.
Kf4 Be8 60. Rb4 Bg6 61. Rb6+ Kg7 62. Ke5 Bc2 63. h4 Bd1 64. Kf5 Bc2+ 65. Kg5
Bd3 66. Rb7+ Kg8 67. Kf6 h6 68. g5 hxg5 69. hxg5 Kh8 70. g6 Bc4 71. Rb8+ Bg8
72. g7+ Kh7 73. Rf8 1-0

[Event "SERBIA CHESS OPEN 2021 - MASTERS"]
[Site "Belgrade, Hotel Metropol"]
[Date "2021.07.03"]
[Round "2.57"]
[White "Bharath, Subramaniyam H"]
[Black "Ojas, Kulkarni"]
[Result "1-0"]
[WhiteElo "2426"]
[BlackElo "2216"]
[PlyCount "81"]
[EventDate "2021.??.??"]

1. e4 c5 2. Nc3 Nc6 3. Nf3 d6 4. d4 cxd4 5. Nxd4 Nf6 6. Bg5 e6 7. Bb5 Bd7 8.
Qd3 Be7 9. O-O-O Nxd4 10. Qxd4 Bxb5 11. Nxb5 a6 12. Bxf6 axb5 13. Bxe7 Kxe7 14.
e5 Rxa2 15. exd6+ Kd7 16. Qxg7 Qf8 17. Qe5 Qc8 18. Kb1 Ra6 19. Qxb5+ Qc6 20.
Qg5 Rd8 21. Qe7+ Kc8 22. Qxf7 Kb8 23. Qc7+ Ka7 24. Qxc6 Rxc6 25. d7 Rc7 26.
Rhe1 Rcxd7 27. Rxd7 Rxd7 28. Rxe6 Rd1+ 29. Ka2 Rd2 30. Rf6 Rxc2 31. g4 Kb8 32.
Rf7 h6 33. h4 Kc8 34. g5 hxg5 35. hxg5 Kd8 36. g6 Ke8 37. Rxb7 Rxf2 38. Rb8+
Ke7 39. g7 Rg2 40. g8=Q Rxg8 41. Rxg8 1-0

[Event "SERBIA CHESS OPEN 2021 - MASTERS"]
[Site "Belgrade, Hotel Metropol"]
[Date "2021.07.03"]
[Round "2.58"]
[White "Zarubitski, Viachaslau"]
[Black "Asatryan, Sona"]
[Result "1/2-1/2"]
[WhiteElo "2426"]
[BlackElo "2122"]
[PlyCount "75"]
[EventDate "2021.??.??"]

1. e4 c6 2. Nf3 d5 3. exd5 cxd5 4. Ne5 Nf6 5. d4 g6 6. Bb5+ Bd7 7. Nxd7 Nbxd7
8. O-O Bg7 9. c3 O-O 10. Nd2 a6 11. Be2 b5 12. a4 Qb6 13. Qb3 b4 14. a5 Qe6 15.
Re1 bxc3 16. bxc3 Rfb8 17. Qc2 Qc6 18. Ba3 e6 19. Reb1 Ne8 20. Nb3 Nd6 21. Nc5
Nxc5 22. Bxc5 Ne4 23. Rxb8+ Rxb8 24. Bb6 Rxb6 25. axb6 Bxd4 26. Bd3 Bxf2+ 27.
Kh1 Bxb6 28. Bxe4 dxe4 29. Rxa6 Qc4 30. Ra1 Bd4 31. Qxe4 Qxc3 32. Rd1 Bf6 33.
g3 Qe5 34. Qf3 Qf5 35. Qxf5 exf5 36. Kg2 Kg7 37. Kf3 h5 38. Rd5 1/2-1/2

[Event "SERBIA CHESS OPEN 2021 - MASTERS"]
[Site "Belgrade, Hotel Metropol"]
[Date "2021.07.03"]
[Round "2.59"]
[White "Bernadskiy, Vitaliy"]
[Black "Stamatiou, Rodolfos"]
[Result "1-0"]
[WhiteElo "2606"]
[BlackElo "2023"]
[PlyCount "49"]
[EventDate "2021.??.??"]

1. e4 c5 2. Nf3 d6 3. Bb5+ Bd7 4. Bxd7+ Qxd7 5. O-O Nf6 6. c3 Nc6 7. Qe2 e6 8.
d4 cxd4 9. cxd4 d5 10. e5 Ne4 11. Be3 Be7 12. Ne1 f6 13. f3 Ng5 14. Nd3 O-O 15.
Nd2 Nf7 16. f4 f5 17. Nf3 b6 18. g3 a5 19. Kg2 Nb4 20. Nde1 a4 21. a3 Nc6 22.
Bd2 Na5 23. Bc3 Nb3 24. Rd1 Rad8 25. Nc2 1-0

[Event "SERBIA CHESS OPEN 2021 - MASTERS"]
[Site "Belgrade, Hotel Metropol"]
[Date "2021.07.03"]
[Round "2.60"]
[White "Kukelko, Alexey"]
[Black "Hovhannisyan, Robert"]
[Result "1/2-1/2"]
[WhiteElo "2304"]
[BlackElo "2632"]
[PlyCount "112"]
[EventDate "2021.??.??"]

1. e4 c6 2. d4 d5 3. exd5 cxd5 4. c4 Nf6 5. Nc3 Nc6 6. Nf3 a6 7. cxd5 Nxd5 8.
Bc4 Be6 9. Bb3 Nxc3 10. bxc3 Bxb3 11. axb3 e6 12. O-O Be7 13. Bf4 O-O 14. Qd3
Qd5 15. c4 Qh5 16. Rad1 Rad8 17. Qe3 Rd7 18. Rd2 Rfd8 19. Rfd1 Qf5 20. h3 h5
21. Ne5 g5 22. Nxc6 bxc6 23. Be5 f6 24. Bh2 Bb4 25. Re2 Rxd4 26. Rxd4 Rxd4 27.
g4 Rd1+ 28. Kg2 hxg4 29. Qxe6+ Qxe6 30. Rxe6 gxh3+ 31. Kxh3 Kf7 32. Rxc6 a5 33.
Kg4 Rd2 34. Bg3 Kg6 35. Re6 Rd4+ 36. Kf3 Kf5 37. Re8 Rd3+ 38. Re3 Rd2 39. Re8
Rb2 40. Re3 Kg6 41. Rd3 f5 42. Be5 g4+ 43. Kg3 Rb1 44. f3 Kh5 45. Kf4 Rf1 46.
Kxf5 Kh4 47. Rd7 Rxf3+ 48. Bf4 Kh3 49. Rh7+ Kg2 50. Kxg4 Rxb3 51. Rh2+ Kf1 52.
Rc2 Bc5 53. Ra2 Ra3 54. Rxa3 Bxa3 55. Bd2 a4 56. Kg3 Bc5 1/2-1/2

[Event "SERBIA CHESS OPEN 2021 - MASTERS"]
[Site "Belgrade, Hotel Metropol"]
[Date "2021.07.03"]
[Round "2.61"]
[White "Barseghyan, Armen Ar"]
[Black "Safarli, Eltaj"]
[Result "0-1"]
[WhiteElo "2316"]
[BlackElo "2604"]
[PlyCount "56"]
[EventDate "2021.??.??"]

1. d4 Nf6 2. c4 e6 3. Nf3 d5 4. Nc3 Bb4 5. cxd5 exd5 6. Bf4 O-O 7. e3 c5 8.
dxc5 Ne4 9. Rc1 Qa5 10. Qxd5 Nxc3 11. bxc3 Bxc3+ 12. Kd1 Be6 13. Qe4 Nd7 14.
Qc2 Bf6 15. Bd3 Rfc8 16. Bd6 Nxc5 17. Bxc5 b6 18. Bxh7+ Kh8 19. Qe4 bxc5 20.
Bf5 Rd8+ 21. Ke2 Qa6+ 22. Ke1 Bxf5 23. Qxf5 Rab8 24. Ne5 Bxe5 25. Qxe5 Qd3 26.
Qh5+ Kg8 27. Qe2 Qc3+ 28. Rxc3 Rb1+ 0-1

[Event "SERBIA CHESS OPEN 2021 - MASTERS"]
[Site "Belgrade, Hotel Metropol"]
[Date "2021.07.03"]
[Round "2.62"]
[White "Markus, Robert"]
[Black "Kalogeris, Ioannis"]
[Result "1/2-1/2"]
[WhiteElo "2600"]
[BlackElo "2307"]
[PlyCount "117"]
[EventDate "2021.??.??"]

1. d4 d5 2. c4 c6 3. Nf3 Nf6 4. Qb3 e6 5. Bg5 Be7 6. e3 a6 7. Nc3 O-O 8. Rc1
Ne4 9. Bxe7 Qxe7 10. Be2 Nd7 11. O-O b5 12. Nxe4 dxe4 13. Nd2 Nf6 14. cxb5 cxb5
15. Rc5 Bb7 16. Rfc1 Qd6 17. Qb4 Qd8 18. Bf1 Bd5 19. a4 bxa4 20. Qxa4 a5 21.
Bb5 h6 22. b3 Qb8 23. Nc4 Ng4 24. g3 Ra7 25. Bc6 Qd8 26. h3 Bxc6 27. Rxc6 Nf6
28. Nd6 Qd7 29. R1c5 Rd8 30. Nc4 Rb8 31. Nb6 Qb7 32. Nc8 Raa8 33. Nd6 Qb4 34.
Qxb4 axb4 35. Kg2 g5 36. g4 Rf8 37. Kg3 Ra3 38. Rc8 Nd5 39. Nxe4 Rxb3 40. Kf3
Rb2 41. Kg3 Rxc8 42. Rxc8+ Kg7 43. Nd6 b3 44. Rb8 Rb1 45. Rb7 b2 46. Kg2 Nc3
47. Rxf7+ Kg8 48. Rb7 Ne2 49. Kf3 Ng1+ 50. Ke4 Nxh3 51. f3 Rf1 52. Rxb2 Nf2+
53. Rxf2 Rxf2 54. Nc4 Kg7 55. Ne5 Kf6 56. Nd7+ Ke7 57. Ne5 Kf6 58. Nd7+ Ke7 59.
Ne5 1/2-1/2

[Event "SERBIA CHESS OPEN 2021 - MASTERS"]
[Site "Belgrade, Hotel Metropol"]
[Date "2021.07.03"]
[Round "2.63"]
[White "Strugnell, Carl"]
[Black "Kadric, Denis"]
[Result "0-1"]
[WhiteElo "2229"]
[BlackElo "2564"]
[PlyCount "35"]
[EventDate "2021.??.??"]

1. e4 c5 2. Nf3 Nc6 3. d4 cxd4 4. Nxd4 e5 5. Nb5 d6 6. N1c3 a6 7. Na3 Be6 8.
Nc4 Rb8 9. Ne3 Nf6 10. g4 g6 11. g5 Nh5 12. Ned5 Bg7 13. Be2 Nd4 14. Rg1 Rc8
15. Bg4 Bxg4 16. Rxg4 O-O 17. Qd3 f5 18. gxf6 0-1

[Event "SERBIA CHESS OPEN 2021 - MASTERS"]
[Site "Belgrade, Hotel Metropol"]
[Date "2021.07.03"]
[Round "2.65"]
[White "Cabarkapa, Novak"]
[Black "Defromont, Benjamin"]
[Result "1-0"]
[WhiteElo "2478"]
[BlackElo "2246"]
[PlyCount "75"]
[EventDate "2021.??.??"]

1. e4 e5 2. Nf3 Nc6 3. Bc4 Nf6 4. d3 Bc5 5. c3 h6 6. b4 Bb6 7. a4 a6 8. O-O d6
9. Qb3 O-O 10. Be3 Bxe3 11. fxe3 Ne7 12. Nbd2 Ng6 13. h3 c6 14. d4 d5 15. Bd3
Qe7 16. Rae1 dxe4 17. Nxe4 Nxe4 18. Bxe4 Be6 19. Qb1 f5 20. Bc2 e4 21. Nd2 Qg5
22. Bb3 Bxb3 23. Qxb3+ Kh8 24. Kh1 Rae8 25. Qc2 Nh4 26. Nc4 f4 27. exf4 Rxf4
28. Rxf4 Qxf4 29. Ne5 e3 30. Qe2 Qg3 31. Rf1 Kh7 32. Qc2+ Kg8 33. Qe4 Rf8 34.
Rxf8+ Kxf8 35. Qxh4 Qxh4 36. Ng6+ Kf7 37. Nxh4 e2 38. Nf3 1-0

[Event "SERBIA CHESS OPEN 2021 - MASTERS"]
[Site "Belgrade, Hotel Metropol"]
[Date "2021.07.03"]
[Round "2.66"]
[White "Heinemann, Josefine"]
[Black "Fernandez, Daniel"]
[Result "1/2-1/2"]
[WhiteElo "2285"]
[BlackElo "2440"]
[PlyCount "60"]
[EventDate "2021.??.??"]

1. e4 c5 2. Nf3 d6 3. d4 cxd4 4. Nxd4 Nf6 5. Nc3 Nc6 6. Bg5 e6 7. Qd2 a6 8.
O-O-O Bd7 9. Nxc6 Bxc6 10. Qe1 Qa5 11. h4 Be7 12. f4 h6 13. Bxf6 gxf6 14. g4
O-O-O 15. Bc4 Kb8 16. Bb3 Rhg8 17. Rg1 Rd7 18. f5 Qe5 19. Qg3 Qxg3 20. Rxg3
exf5 21. exf5 Bd8 22. Nd5 Bxd5 23. Bxd5 Bb6 24. Rg2 Re7 25. c3 Rg7 26. Kc2 Re5
27. Rd3 Kc7 28. a4 Be3 29. Kb3 b6 30. Kc2 a5 1/2-1/2

[Event "SERBIA CHESS OPEN 2021 - MASTERS"]
[Site "Belgrade, Hotel Metropol"]
[Date "2021.07.03"]
[Round "2.67"]
[White "Sharma, Isha"]
[Black "Nikolovski, Nikola"]
[Result "1/2-1/2"]
[WhiteElo "2213"]
[BlackElo "2438"]
[PlyCount "46"]
[EventDate "2021.??.??"]

1. e4 d5 2. exd5 Nf6 3. Nf3 Nxd5 4. d4 Bg4 5. Be2 Nc6 6. O-O e6 7. h3 Bh5 8. c3
Be7 9. Ne5 Bxe2 10. Qxe2 Nxe5 11. dxe5 Qd7 12. c4 Nb6 13. Rd1 Qc6 14. b3 O-O
15. Nc3 Rfd8 16. Bf4 h6 17. Qg4 Kh7 18. Be3 Nd7 19. Qh5 Kg8 20. Rac1 a6 21. Rd4
Nf8 22. Rg4 Ng6 23. Ne4 Qe8 1/2-1/2

[Event "SERBIA CHESS OPEN 2021 - MASTERS"]
[Site "Belgrade, Hotel Metropol"]
[Date "2021.07.03"]
[Round "2.68"]
[White "Mohammad, Nubairshah Shaikh"]
[Black "Brilej, Jaka"]
[Result "1/2-1/2"]
[WhiteElo "2436"]
[BlackElo "2244"]
[PlyCount "109"]
[EventDate "2021.??.??"]

1. Nf3 d5 2. g3 Nf6 3. Bg2 Bf5 4. c4 c6 5. Qb3 Qb6 6. O-O Nbd7 7. Qxb6 axb6 8.
cxd5 Nxd5 9. d3 Nb4 10. Nc3 e5 11. Bd2 Nc2 12. Rac1 Nd4 13. Nh4 Be6 14. e3 Nf5
15. Nf3 f6 16. Rfd1 b5 17. a3 Nc5 18. Be1 Nb3 19. Rc2 b4 20. axb4 Bxb4 21. Nb5
Bxe1 22. Nc7+ Kd7 23. Nxe6 Bb4 24. Rc4 Ra4 25. Bh3 Kxe6 26. e4 g6 27. exf5+ Kf7
28. Ne1 Rha8 29. Nc2 Be7 30. fxg6+ hxg6 31. Rc3 Nd4 32. Nxd4 Rxd4 33. Rc4 Rad8
34. Rxd4 Rxd4 35. Bf1 Rb4 36. Rb1 Ke6 37. Be2 g5 38. Kf1 Bc5 39. Bd1 Bd4 40. b3
Rb6 41. h3 Kd6 42. h4 gxh4 43. gxh4 Ra6 44. h5 Ra2 45. Be2 Ke6 46. b4 f5 47. b5
c5 48. b6 Kf6 49. Ke1 Ra4 50. Bd1 Rb4 51. Rb3 Kg5 52. Kf1 Rxb3 53. Bxb3 c4 54.
Bxc4 Bxb6 55. Bd5 1/2-1/2

[Event "SERBIA CHESS OPEN 2021 - MASTERS"]
[Site "Belgrade, Hotel Metropol"]
[Date "2021.07.03"]
[Round "2.69"]
[White "Varshini, V."]
[Black "Sankalp, Gupta"]
[Result "1/2-1/2"]
[WhiteElo "2226"]
[BlackElo "2429"]
[PlyCount "158"]
[EventDate "2021.??.??"]

1. e4 c5 2. Nc3 Nc6 3. Nge2 g6 4. d4 cxd4 5. Nxd4 Bg7 6. Be3 Nf6 7. Nb3 O-O 8.
Be2 d6 9. O-O a6 10. f4 b5 11. Bf3 Bb7 12. Qd2 Nd7 13. a3 Nb6 14. Be2 Rc8 15.
Nd5 Na4 16. c3 e6 17. Nb4 Nxb4 18. axb4 Bxe4 19. Bf3 Bxf3 20. Rxf3 Qc7 21. Rd1
Rfd8 22. Qf2 Qc4 23. Nc1 Qe4 24. Nd3 f5 25. Rh3 Bf6 26. Bc1 Rc7 27. Re3 Qc4 28.
Ree1 Re8 29. Be3 Bg7 30. Nc1 Qc6 31. Re2 Rd7 32. Red2 Bf6 33. Nd3 Rb7 34. Nc1
Rd8 35. Nb3 Rbb8 36. Ba7 Rbc8 37. Na5 Qc7 38. Nb3 Rd7 39. Be3 Re8 40. h3 Bd8
41. Bc5 Be7 42. Bd4 Bf8 43. Be3 Rdd8 44. Na5 Rb8 45. Ba7 Rbc8 46. Be3 Red8 47.
Rd3 Bg7 48. Nb3 Rd7 49. Bd4 e5 50. Bxe5 Bf8 51. Bd4 Re7 52. Nc1 Rb8 53. R3d2
Nb6 54. Bxb6 Rxb6 55. Qd4 Rb8 56. Qd3 Kg7 57. Re2 Rbe8 58. Qd4+ Kh6 59. Rde1 d5
60. Rxe7 Rxe7 61. Rxe7 Bxe7 62. Nd3 Qc4 63. Qxc4 dxc4 64. Ne5 Kg7 65. Nf3 Kf7
66. Kf2 h6 67. h4 Ke6 68. g3 Bf6 69. Ke2 Kd5 70. Ke3 Bd8 71. Ke2 Bc7 72. Nd4
Bb8 73. h5 gxh5 74. Nxf5 Ke4 75. Nxh6 h4 76. gxh4 Bxf4 77. Ng4 Bc1 78. Kd1 Bf4
79. Ke2 Bc1 1/2-1/2

[Event "SERBIA CHESS OPEN 2021 - MASTERS"]
[Site "Belgrade, Hotel Metropol"]
[Date "2021.07.03"]
[Round "2.70"]
[White "Kanov, Nikola"]
[Black "Perunovic, Miodrag"]
[Result "1/2-1/2"]
[WhiteElo "2140"]
[BlackElo "2425"]
[PlyCount "91"]
[EventDate "2021.??.??"]

1. e4 c5 2. Nf3 d6 3. d4 cxd4 4. Nxd4 Nf6 5. Nc3 g6 6. f4 Nc6 7. Nxc6 bxc6 8.
e5 Nd7 9. exd6 exd6 10. Be3 Be7 11. Qd2 O-O 12. Be2 d5 13. O-O Nf6 14. Bf3 Re8
15. Na4 Bd6 16. Bd4 Ne4 17. Bxe4 dxe4 18. Rad1 Bg4 19. Rde1 c5 20. Be3 Rc8 21.
c4 Bf8 22. Qxd8 Rexd8 23. h3 Be6 24. b3 Rd3 25. Nb2 Rd6 26. Na4 Rd3 27. Nb2 Rd6
28. Na4 Rd3 29. Nb2 Rd6 30. Na4 Ra6 31. Rc1 Bd7 32. Nc3 f5 33. Rfd1 Be6 34. Na4
Kf7 35. Rd2 Be7 36. Nc3 h6 37. Rcd1 g5 38. Nb5 Rcc6 39. a4 Bc8 40. Rd5 Be6 41.
R5d2 Kg6 42. g3 Kf7 43. Rf1 Kg6 44. Rfd1 Kf7 45. Rf1 Ke8 46. Rfd1 1/2-1/2

[Event "SERBIA CHESS OPEN 2021 - MASTERS"]
[Site "Belgrade, Hotel Metropol"]
[Date "2021.07.03"]
[Round "2.71"]
[White "Stankovic, Milos"]
[Black "Blagojevic, Tijana"]
[Result "1-0"]
[WhiteElo "2421"]
[BlackElo "2222"]
[PlyCount "41"]
[EventDate "2021.??.??"]

1. d4 d5 2. Nf3 Nf6 3. Bf4 c5 4. e3 Nc6 5. Nbd2 Qb6 6. dxc5 Qxb2 7. Rb1 Qc3 8.
Bb5 e6 9. O-O Be7 10. e4 dxe4 11. Nc4 exf3 12. Rb3 fxg2 13. Kxg2 Nd5 14. Rxc3
Nxc3 15. Bxc6+ bxc6 16. Nd6+ Kf8 17. Qh5 Bxd6 18. Bxd6+ Kg8 19. Qf3 Nd5 20. c4
Ba6 21. Rc1 1-0

[Event "SERBIA CHESS OPEN 2021 - MASTERS"]
[Site "Belgrade, Hotel Metropol"]
[Date "2021.07.03"]
[Round "2.72"]
[White "Abergel, Thal"]
[Black "Mijatovic, Dusan"]
[Result "1-0"]
[WhiteElo "2414"]
[BlackElo "2202"]
[PlyCount "75"]
[EventDate "2021.??.??"]

1. d4 Nf6 2. Nf3 g6 3. Nc3 d5 4. Bf4 Bg7 5. Nb5 Na6 6. e3 c6 7. Nc3 Nb8 8. Be2
O-O 9. Ne5 Nfd7 10. Nd3 Re8 11. h4 e5 12. dxe5 Nxe5 13. Nxe5 Bxe5 14. Bxe5 Rxe5
15. Qd4 Nd7 16. O-O-O Qf6 17. Bf3 Re8 18. e4 dxe4 19. Nxe4 Qxd4 20. Rxd4 Kg7
21. h5 Ne5 22. h6+ Kh8 23. Nf6 Rf8 24. Be2 Be6 25. Re4 Nd7 26. Rxe6 fxe6 27.
Nxd7 Rxf2 28. Bf3 Rd8 29. Ne5 Rdd2 30. Nd3 Rxc2+ 31. Kb1 Rfd2 32. Bd1 Rc4 33.
Rf1 Kg8 34. Bb3 b5 35. Bxc4 bxc4 36. Nc5 Rd8 37. Nxe6 Re8 38. Rf6 1-0

[Event "SERBIA CHESS OPEN 2021 - MASTERS"]
[Site "Belgrade, Hotel Metropol"]
[Date "2021.07.03"]
[Round "2.73"]
[White "Lazov, Toni"]
[Black "Pavlov, Mark"]
[Result "1-0"]
[WhiteElo "2412"]
[BlackElo "2195"]
[PlyCount "93"]
[EventDate "2021.??.??"]

1. e4 e6 2. d4 d5 3. Nd2 c5 4. Ngf3 Nf6 5. e5 Nfd7 6. c3 Nc6 7. Bd3 g6 8. h4 h6
9. Bc2 b5 10. O-O Be7 11. h5 g5 12. Nb3 c4 13. Nbd2 b4 14. Nh2 Qa5 15. Qf3 Bb7
16. a3 O-O-O 17. Qxf7 bxc3 18. Ndf3 Rde8 19. Qxe6 Kc7 20. Qh3 cxb2 21. Bxb2 c3
22. Bc1 Ref8 23. Rb1 Bc8 24. Qg3 Nb6 25. Ng4 Rxf3 26. Qxf3 Nxd4 27. Qf7 Bxg4
28. Qxe7+ Kb8 29. Bd3 Be2 30. Bxe2 Nxe2+ 31. Kh2 Rc8 32. Re1 Nd4 33. e6 c2 34.
Rb4 Nc6 35. Qd6+ Kb7 36. e7 Nxb4 37. axb4 Qb5 38. Qxh6 Re8 39. Qf8 Qc6 40. g3
Qc8 41. Qf6 Qg4 42. Qf7 Qd7 43. h6 Nc8 44. Bxg5 Qc6 45. h7 Nd6 46. Qf8 Qc3 47.
Re6 1-0

[Event "SERBIA CHESS OPEN 2021 - MASTERS"]
[Site "Belgrade, Hotel Metropol"]
[Date "2021.07.03"]
[Round "2.74"]
[White "Akshat, Khamparia"]
[Black "Ozdemir, Serhan Berat"]
[Result "1-0"]
[WhiteElo "2406"]
[BlackElo "2191"]
[PlyCount "87"]
[EventDate "2021.??.??"]

1. d4 Nf6 2. c4 g6 3. Nc3 Bg7 4. e4 d6 5. Nge2 O-O 6. Ng3 c5 7. d5 e6 8. Be2
exd5 9. cxd5 a6 10. a4 Nbd7 11. O-O Re8 12. h3 h5 13. Bg5 Qa5 14. Qc1 Nh7 15.
Bd2 h4 16. Nh1 Qd8 17. f4 Rb8 18. Nf2 Bd4 19. Bd3 Ndf6 20. Qc2 Nh5 21. Ne2 Ng3
22. Nxd4 cxd4 23. Qc4 Nxf1 24. Rxf1 Qb6 25. b4 Bd7 26. a5 Qd8 27. Qxd4 Qf6 28.
Qb6 Bb5 29. Bxb5 axb5 30. Qe3 Rbc8 31. e5 Qd8 32. Ne4 dxe5 33. d6 f5 34. Qd3
fxe4 35. Qd5+ Kh8 36. d7 Nf6 37. dxe8=Q+ Qxe8 38. Qxb7 Rc2 39. Be3 Re2 40. fxe5
Nh5 41. Bc5 Ng3 42. e6 Qd8 43. Qd7 Qf6 44. Bd4 1-0

[Event "SERBIA CHESS OPEN 2021 - MASTERS"]
[Site "Belgrade, Hotel Metropol"]
[Date "2021.07.03"]
[Round "2.75"]
[White "Agmanov, Zhandos"]
[Black "Radisavljevic, Dalibor"]
[Result "1-0"]
[WhiteElo "2404"]
[BlackElo "2186"]
[PlyCount "73"]
[EventDate "2021.??.??"]

1. e4 c5 2. Nf3 Nc6 3. Bb5 g6 4. Bxc6 dxc6 5. d3 Bg7 6. h3 Nf6 7. Nc3 Nd7 8.
Be3 e5 9. Qd2 h6 10. O-O b6 11. Nh2 Nf8 12. f4 exf4 13. Bxf4 Ne6 14. Be3 Nd4
15. Rae1 Be6 16. e5 Qc7 17. Ne4 Bxe5 18. Ng4 Bxg4 19. Nf6+ Bxf6 20. Bxd4+ Be6
21. Bxf6 Rg8 22. Qxh6 Qd6 23. Qh4 g5 24. Bxg5 Kd7 25. Rxe6 Qxe6 26. Re1 Qxe1+
27. Qxe1 Rxg5 28. Qf2 Rf8 29. h4 Rd5 30. Qf6 Rd6 31. Qg7 Ke7 32. h5 c4 33. dxc4
Rd1+ 34. Kh2 Rfd8 35. h6 R8d4 36. Qe5+ Kd7 37. Qf6 1-0

[Event "SERBIA CHESS OPEN 2021 - MASTERS"]
[Site "Belgrade, Hotel Metropol"]
[Date "2021.07.03"]
[Round "2.76"]
[White "Petkidis, Anthony"]
[Black "Trost, Edvin"]
[Result "1/2-1/2"]
[WhiteElo "2401"]
[BlackElo "2184"]
[PlyCount "192"]
[EventDate "2021.??.??"]

1. e4 c6 2. d4 d5 3. e5 Bf5 4. Nd2 e6 5. Nb3 Nd7 6. Nf3 c5 7. dxc5 a6 8. Be3
Ne7 9. Be2 Bg4 10. Bd4 Nc6 11. O-O Bxf3 12. Bxf3 Qc7 13. Re1 Nxd4 14. Qxd4 Bxc5
15. Nxc5 Qxc5 16. Qxc5 Nxc5 17. a4 Ke7 18. g3 b5 19. axb5 axb5 20. Be2 b4 21.
f4 b3 22. c3 Ra2 23. Rab1 Ne4 24. Red1 Nxc3 25. bxc3 Rxe2 26. Rxb3 Ra8 27. Rb7+
Kf8 28. Rdb1 g6 29. R7b2 Rxb2 30. Rxb2 Ra1+ 31. Kg2 Rc1 32. Rb8+ Kg7 33. Rb3
Rc2+ 34. Kh3 h6 35. Kg4 Rxh2 36. c4 dxc4 37. Rc3 h5+ 38. Kf3 h4 39. Rxc4 Rh3
40. Kg4 Rxg3+ 41. Kxh4 Rg1 42. Rc8 Rh1+ 43. Kg4 Rh5 44. Rc7 Rf5 45. Rc5 g5 46.
fxg5 Kg6 47. Ra5 Rxg5+ 48. Kf4 Rf5+ 49. Ke4 f6 50. Rb5 Kg5 51. Ra5 Kg4 52. Ke3
Kg3 53. Ke4 Kg4 54. Ke3 Kg5 55. Ke4 Kh5 56. Rb5 Rg5 57. Kf4 Kh4 58. Kf3 Kh5 59.
Kf4 Kg6 60. Ra5 Rh5 61. Rb5 f5 62. Rb6 Rh4+ 63. Kf3 Kf7 64. Rb7+ Ke8 65. Rc7
Re4 66. Rc8+ Kd7 67. Rc5 Rd4 68. Rc1 Re4 69. Rc5 Ke7 70. Ra5 Kf7 71. Rb5 Kg6
72. Ra5 Kg5 73. Rb5 Rf4+ 74. Kg3 Rg4+ 75. Kf3 Rh4 76. Rb6 Rh3+ 77. Kg2 Rh6 78.
Kf3 f4 79. Ke4 f3 80. Kxf3 Kf5 81. Rb5 Rh4 82. Ra5 Rf4+ 83. Ke3 Re4+ 84. Kf3
Rxe5 85. Rxe5+ Kxe5 86. Ke3 Kd5 87. Kd3 e5 88. Ke3 e4 89. Ke2 Ke5 90. Ke3 Kf5
91. Ke2 Kf4 92. Kf2 e3+ 93. Ke2 Ke4 94. Ke1 Kf3 95. Kf1 e2+ 96. Ke1 Ke3 1/2-1/2

[Event "SERBIA CHESS OPEN 2021 - MASTERS"]
[Site "Belgrade, Hotel Metropol"]
[Date "2021.07.03"]
[Round "2.77"]
[White "Bukal, Vladimir Jr"]
[Black "Mitev, Valentin"]
[Result "0-1"]
[WhiteElo "2399"]
[BlackElo "2181"]
[PlyCount "110"]
[EventDate "2021.??.??"]

1. d4 Nf6 2. Bf4 d5 3. e3 c5 4. c3 Nc6 5. Nd2 Bf5 6. Ngf3 e6 7. Qb3 Qb6 8. Qxb6
axb6 9. Bc7 Nd7 10. Nh4 Bg4 11. h3 Bh5 12. g4 Bg6 13. Nxg6 hxg6 14. Bb5 Be7 15.
Ke2 Bd8 16. Bg3 Na7 17. Bd3 Rc8 18. a4 g5 19. Nf3 g6 20. b4 Nc6 21. Bd6 cxb4
22. cxb4 Be7 23. Bxe7 Kxe7 24. b5 Nb4 25. Nxg5 Rc3 26. Rhd1 Rxd3 27. Rxd3 Nxd3
28. Kxd3 f6 29. Nf3 Rxh3 30. Ke2 Rh8 31. g5 fxg5 32. Nxg5 Rh5 33. Nf3 Rh8 34.
Rg1 Rg8 35. Rh1 g5 36. Ne5 Nf6 37. Rc1 Kd6 38. Nf7+ Kd7 39. Rh1 g4 40. Ne5+ Ke7
41. Rc1 Kd6 42. Kf1 Rf8 43. Kg2 Rg8 44. Rh1 Ke7 45. Rh6 Ra8 46. Rg6 Ne8 47.
Nxg4 Rxa4 48. Kg3 Ra1 49. Kf4 Rh1 50. Kg5 Rh7 51. Nf6 Nxf6 52. Rxf6 Rh2 53. Rh6
Rg2+ 54. Kf4 Rxf2+ 55. Kg3 Rb2 0-1

[Event "SERBIA CHESS OPEN 2021 - MASTERS"]
[Site "Belgrade, Hotel Metropol"]
[Date "2021.07.03"]
[Round "2.78"]
[White "Radovanovic, Nikola"]
[Black "Zhukov, Anton"]
[Result "1/2-1/2"]
[WhiteElo "2395"]
[BlackElo "2174"]
[PlyCount "82"]
[EventDate "2021.??.??"]

1. e4 c5 2. Nc3 d6 3. f4 g6 4. Nf3 Bg7 5. Bb5+ Bd7 6. Bc4 Nc6 7. O-O e6 8. f5
Ne5 9. fxe6 fxe6 10. d3 Nf7 11. Qe1 Qe7 12. Nb5 Bc6 13. Qg3 a6 14. Nc3 b5 15.
Bb3 Nf6 16. Ng5 Nxg5 17. Bxg5 c4 18. dxc4 b4 19. Ba4 Bxa4 20. Nxa4 O-O 21. e5
dxe5 22. Qxe5 h6 23. Bxf6 Bxf6 24. Qe4 Kg7 25. Rad1 Rad8 26. Kh1 Rxd1 27. Rxd1
Rd8 28. Rd3 Rf8 29. g3 h5 30. c5 Rf7 31. Rd6 Qf8 32. Kg2 g5 33. Qxe6 g4 34. Rd7
Be7 35. Qe5+ Kg8 36. Rd2 Qh6 37. Qd5 Qf6 38. Qd3 Qc6+ 39. Qd5 Qf6 40. Qd3 Qc6+
41. Qd5 Qf6 1/2-1/2